01380cam a2200325 a 4500952013400000999001700134001000900151003000400160005001700164008004100181010001700222020001800239020002200257040000900279043001200288082002400300100003100324245009200355260004400447300001000491504006600501650004600567650005700613700002500670856009600695856008800791856007600879906004500955942005401000 00102ddc40708LAWaMESbMEScLAWd2019-02-20g440.00l0o346.56940432 HUS/Ap29729r2019-02-20 00:00:00w2019-02-20yBKzGL9R5 c21058d2105813130421OSt20200608120011.0030320s2003 enk b 001 0 eng  a 2003047919 a9781842771235 a184277123X (limp) coclc aa-is--- a346.56940432bHUS/A aHussein, Hussein Abu9262110aAccess denied :bPalestinian land rights in Israel/cHussein Abu Hussein ; Fiona McKay. aLondon ;aNew York :bZed Books,c2003. a319 p aIncludes bibliographical references (p. [299]-308) and index. 0aLand tenurexLaw and legislationzIsrael. 0aPalestinian ArabsxLegal status, laws, etc.zIsrael.1 aMcKay, Fiona,d1962-423Contributor biographical informationuhttp://www.loc.gov/catdir/bios/hol051/2003047919.html423Publisher descriptionuhttp://www.loc.gov/catdir/description/hol032/2003047919.html413Table of contentsuhttp://www.loc.gov/catdir/toc/hol031/2003047919.html a7bcbccorignewd2encipf20gy-gencatlg 2ddccBKh346.56940432iHUS/Ak346.56940432mHUS/A